Missing Word: John Goodman Quiz Stats

 Plays Quiz Updated Jun 12, 2017

Also try: Candy or Goodman?
Challenge
Share
Tweet
Embed
Score 0/14 Timer 02:00
0 Plays Today
Movie Missing Word % Correct
O ___, Where Art Thou?Brother
95.1%
___, Inc.*Monsters
94.6%
The Emperor's New ___*Groove
87.4%
10 Cloverfield ___Lane
83.6%
The Big ___Lebowski
81.9%
Revenge of the ___Nerds
81.9%
Raising ___Arizona
78.7%
Movie Missing Word % Correct
The ___ Book 2*Jungle
73.8%
___ Brothers 2000Blues
71.3%
___ SentenceDeath
40.5%
___ With the CurveTrouble
34.6%
___ Out the DeadBringing
28.7%
Born ___Yesterday
19.1%
One Night at ___McCool's
15%

Today's Daily Dose

Missing Word
Britpop Albums

Word Ladder
Sing It!

On This Day
December 14th II

You're not logged in!

Compare scores with friends on all Sporcle quizzes.
OR
Log In

You Might Also Like...

Show Comments

Extras

Top Quizzes Today


Score Distribution

Your Account Isn't Verified!

In order to create a playlist on Sporcle, you need to verify the email address you used during registration. Go to your Sporcle Settings to finish the process.

Report this User

Report this user for behavior that violates our Community Guidelines.

Details: